Statistics for 2023-24 NHL PLAYER BY PICTURE #2

Click here to take the quiz!

General Stats

  • This quiz has been taken 52 times
  • The average score is 11 of 16

Answer Stats

Answer% Correct
Brad Marchand
95%
Erik Karlsson
87%
Evander Kane
87%
John Tavares
85%
Clayton Keller
82%
Brock Boeser
79%
Timo Meier
79%
Tyler Seguin
79%
Claude Giroux
74%
Nick Foligno
72%
Jacob Trouba
62%
Tage Thompson
62%
Owen Tippett
51%
Ilya Sorokin
49%
Jeremy Swayman
49%
Vince Dunn
49%

Score Distribution

Percentile by Number Answered

Percent of People with Each Score

Your Score History

You have not taken this quiz